000 01724cam a2200481 a 4500
001 finiteinfinitega00cars
003 CaSfIA
005 20210118083326.0
007 cr||||
008 860530s1986 nyu 001 0 eng
010 _a 86014304
040 _aDLC
_cDLC
_dBTCTA
_dYDXCP
_dOKR
_dNIALS
_dKYL
_dEDX
_dDEBBG
_dCaSfIA
020 _a0029059801
020 _a9780029059807
035 _a(OCoLC)13762141
050 0 0 _aBD431
_b.C297 1986
050 0 4 _aD431
_b.C297 1986
082 0 0 _a110
_219
084 _a5,1
_2ssgn
084 _aBF 8050
_2rvk
100 1 _aCarse, James P.
245 1 0 _aFinite and infinite games /
_h[electronic resource]
_cJames P. Carse.
260 _aNew York :
_bFree Press,
_cc1986.
300 _a152 p. ;
_c22 cm.
500 _aIncludes index.
650 0 _aLife.
650 0 _aGames
_xSymbolic aspects.
650 0 _aReligion.
650 0 _aPhilosophy.
650 0 7 _aLebenssinn.
_2swd
856 4 1 _uhttp://www.archive.org/details/finiteinfinitega00cars
_zFree eBook from the Internet Archive
856 4 2 _uhttp://www.openlibrary.org/books/OL2720840M
_zAdditional information and access via Open Library
029 1 _aNLGGC
_b86303103X
029 1 _aYDXCP
_b10474
029 1 _aNZ1
_b3139178
029 1 _aAU@
_b000004680305
029 1 _aUNITY
_b018739709
029 1 _aHR0
_b0029059801
029 1 _aDEBBG
_bBV003680722
942 _cEB
506 _fНеобхідна авторизація на https://archive.org/ (створення облікового запису безкоштовно)
506 _fНеобхідна авторизація на https://openlibrary.org/ (створення облікового запису безкоштовно)
999 _c496647
_d496647